Score 0/22 Timer 03:00
2 Plays Today
Clue 5-Letter Word % Correct
TV's 'The ___ Bunch'BRADY
95.1%
Actor Pitt and singer PaisleyBRADS
86.4%
Mardi Gras mementosBEADS
84.9%
TimepieceCLOCK
82%
'Jenny from the ___'BLOCK
78.3%
Button you used to push to take a Sporcle quiz: '[Rung 1]? [Rung 15] to [Rung 22]'START
73.7%
Inclined portion of a swing setSLIDE
69.6%
Fly by controlled coasting in airGLIDE
69.1%
In golf, hook's oppositeSLICE
68.3%
Button you used to push to take a Sporcle quiz: '[Rung 1]? [Rung 15] to [Rung 22]'CLICK
67.1%
MLB player Sizemore or former manager LittleGRADY
64.8%
Clue 5-Letter Word % Correct
An open space surrounded by woodsGLADE
63.3%
A, B, C, D, or F, e.g.GRADE
62.2%
Having a smooth surfaceSLICK
62%
Frequent 'Daily Show' comic guest LewisBLACK
60.4%
Iron Man's alter egoSTARK
60.1%
Honeyed fermented beveragesMEADS
59.4%
The loose-hanging part of some ropeSLACK
56.5%
Button you used to push to take a Sporcle quiz: '[Rung 1]? [Rung 15] to [Rung 22]'READY
54.1%
Actor Robert of 'The Untouchables'STACK
49.9%
General who defeated Lee at GettysburgMEADE
40.7%
Drug store chain: Duane ___READE
39.8%

Today's Daily Dose

Missing Word
Train Books

Word Ladder
Piano Man

Quick Pick
Google Products

Get the Picture
Moana or Coco

Remove Ads.
Support Sporcle.
Get the best of Sporcle when you Go Orange. This ad-free experience offers more features, more stats, and more fun while also helping to support Sporcle. Thank you for becoming a member.

You're not logged in!

Compare scores with friends on all Sporcle quizzes.
OR
Log In

Show Comments

Extras

Top Quizzes Today


Score Distribution

Your Account Isn't Verified!

In order to create a playlist on Sporcle, you need to verify the email address you used during registration. Go to your Sporcle Settings to finish the process.

Report this User

Report this user for behavior that violates our Community Guidelines.

Details: